<?xml version="1.0" encoding="UTF-8"?>
<record
    xmlns:xsi="http://www.w3.org/2001/XMLSchema-instance"
    xsi:schemaLocation="http://www.loc.gov/MARC21/slim http://www.loc.gov/standards/marcxml/schema/MARC21slim.xsd"
    xmlns="http://www.loc.gov/MARC21/slim">

  <leader>00837nam a22001577a 4500</leader>
  <controlfield tag="003">OSt</controlfield>
  <controlfield tag="005">20151212133522.0</controlfield>
  <controlfield tag="008">151212b        xxu||||| |||| 00| 0 eng d</controlfield>
  <datafield tag="040" ind1=" " ind2=" ">
    <subfield code="c">RUA</subfield>
  </datafield>
  <datafield tag="082" ind1=" " ind2=" ">
    <subfield code="a">ATM.s SOM 2004 B212 Or.1</subfield>
  </datafield>
  <datafield tag="100" ind1=" " ind2=" ">
    <subfield code="9">4754</subfield>
    <subfield code="a">SOM, THUNSOVATHARITH.</subfield>
  </datafield>
  <datafield tag="245" ind1=" " ind2=" ">
    <subfield code="a">The management and usage of forest resource by tradition of local communities in poy commune o'chum district rattanakiri province, &#x1780;&#x17B6;&#x179A;&#x1782;&#x17D2;&#x179A;&#x1794;&#x17CB;&#x1782;&#x17D2;&#x179A;&#x1784;&#x1793;&#x17B7;&#x1784;&#x1780;&#x17B6;&#x179A;&#x1794;&#x17D2;&#x179A;&#x17BE;&#x1794;&#x17D2;&#x179A;&#x17B6;&#x179F;&#x17CB;&#x1792;&#x1793;&#x1792;&#x17B6;&#x1793;&#x1796;&#x17D2;&#x179A;&#x17C3;&#x1788;&#x17BE;&#x178F;&#x17B6;&#x1798;&#x179B;&#x1780;&#x17D2;&#x1781;&#x178E;&#x17C8;&#x1794;&#x17D2;&#x179A;&#x1796;&#x17C3;&#x178E;&#x17B8;&#x179A;&#x1794;&#x179F;&#x17CB;&#x179F;&#x17A0;&#x1782;&#x1798;&#x1793;&#x17CD;&#x1798;&#x17BC;&#x179B;&#x178A;&#x17D2;&#x178B;&#x17B6;&#x1793;&#x1780;&#x17D2;&#x1793;&#x17BB;&#x1784;&#x1783;&#x17BB;&#x17C6;&#x1794;&#x17C9;&#x17BC;&#x1799; &#x179F;&#x17D2;&#x179A;&#x17BB;&#x1780;&#x17A2;&#x17BC;&#x179A;&#x1787;&#x17BB;&#x17C6; &#x1781;&#x17C1;&#x178F;&#x17D2;&#x178F;&#x179A;&#x178F;&#x1793;&#x17C8;&#x1782;&#x17B7;&#x179A;&#x17B8;</subfield>
  </datafield>
  <datafield tag="260" ind1=" " ind2=" ">
    <subfield code="a">Phnom Penh</subfield>
    <subfield code="b">RUA</subfield>
    <subfield code="c">2004</subfield>
  </datafield>
  <datafield tag="300" ind1=" " ind2=" ">
    <subfield code="a">vii; 52p.</subfield>
    <subfield code="b">ill.</subfield>
    <subfield code="c">29cm.</subfield>
  </datafield>
  <datafield tag="942" ind1=" " ind2=" ">
    <subfield code="2">ddc</subfield>
    <subfield code="c">ATMSP</subfield>
  </datafield>
  <datafield tag="999" ind1=" " ind2=" ">
    <subfield code="c">4429</subfield>
    <subfield code="d">4429</subfield>
  </datafield>
  <datafield tag="952" ind1=" " ind2=" ">
    <subfield code="0">0</subfield>
    <subfield code="1">0</subfield>
    <subfield code="2">ddc</subfield>
    <subfield code="4">0</subfield>
    <subfield code="6">ATM__S_SOM_2004_000000000000000_B212_OR_1</subfield>
    <subfield code="7">0</subfield>
    <subfield code="9">22919</subfield>
    <subfield code="a">LBB</subfield>
    <subfield code="b">LBB</subfield>
    <subfield code="c">B212</subfield>
    <subfield code="d">2015-12-12</subfield>
    <subfield code="o">ATM.s SOM 2004 B212 Or.1</subfield>
    <subfield code="p">RUA016750</subfield>
    <subfield code="r">2015-12-12</subfield>
    <subfield code="w">2015-12-12</subfield>
    <subfield code="y">ATMSP</subfield>
  </datafield>
  <datafield tag="952" ind1=" " ind2=" ">
    <subfield code="0">0</subfield>
    <subfield code="1">0</subfield>
    <subfield code="2">ddc</subfield>
    <subfield code="4">0</subfield>
    <subfield code="6">ATM__S_SOM_2004_000000000000000_B212_OR_2</subfield>
    <subfield code="7">0</subfield>
    <subfield code="9">22920</subfield>
    <subfield code="a">LBB</subfield>
    <subfield code="b">LBB</subfield>
    <subfield code="c">B212</subfield>
    <subfield code="d">2015-12-12</subfield>
    <subfield code="o">ATM.s SOM 2004 B212 Or.2</subfield>
    <subfield code="p">RUA016957</subfield>
    <subfield code="r">2015-12-12</subfield>
    <subfield code="w">2015-12-12</subfield>
    <subfield code="y">ATMSP</subfield>
  </datafield>
  <datafield tag="952" ind1=" " ind2=" ">
    <subfield code="0">0</subfield>
    <subfield code="1">0</subfield>
    <subfield code="2">ddc</subfield>
    <subfield code="4">0</subfield>
    <subfield code="6">ATM__S_SOM_2004_000000000000000_B212_OR_3</subfield>
    <subfield code="7">0</subfield>
    <subfield code="9">22921</subfield>
    <subfield code="a">LBB</subfield>
    <subfield code="b">LBB</subfield>
    <subfield code="c">B212</subfield>
    <subfield code="d">2015-12-12</subfield>
    <subfield code="o">ATM.s SOM 2004 B212 Or.3</subfield>
    <subfield code="p">RUA016747</subfield>
    <subfield code="r">2015-12-12</subfield>
    <subfield code="w">2015-12-12</subfield>
    <subfield code="y">ATMSP</subfield>
  </datafield>
  <datafield tag="952" ind1=" " ind2=" ">
    <subfield code="0">0</subfield>
    <subfield code="1">0</subfield>
    <subfield code="2">ddc</subfield>
    <subfield code="4">0</subfield>
    <subfield code="6">ATM__S_SOM_2004_000000000000000_B212_OR_4</subfield>
    <subfield code="7">0</subfield>
    <subfield code="9">22922</subfield>
    <subfield code="a">LBB</subfield>
    <subfield code="b">LBB</subfield>
    <subfield code="c">B212</subfield>
    <subfield code="d">2015-12-12</subfield>
    <subfield code="o">ATM.s SOM 2004 B212 Or.4</subfield>
    <subfield code="p">RUA016675</subfield>
    <subfield code="r">2015-12-12</subfield>
    <subfield code="w">2015-12-12</subfield>
    <subfield code="y">ATMSP</subfield>
  </datafield>
  <datafield tag="952" ind1=" " ind2=" ">
    <subfield code="0">0</subfield>
    <subfield code="1">0</subfield>
    <subfield code="2">ddc</subfield>
    <subfield code="4">0</subfield>
    <subfield code="6">ATM__S_SOM_2004_000000000000000_B212_OR_5</subfield>
    <subfield code="7">0</subfield>
    <subfield code="9">22923</subfield>
    <subfield code="a">LBB</subfield>
    <subfield code="b">LBB</subfield>
    <subfield code="c">B212</subfield>
    <subfield code="d">2015-12-12</subfield>
    <subfield code="o">ATM.s SOM 2004 B212 Or.5</subfield>
    <subfield code="p">RUA033565</subfield>
    <subfield code="r">2015-12-12</subfield>
    <subfield code="w">2015-12-12</subfield>
    <subfield code="y">ATMSP</subfield>
  </datafield>
  <datafield tag="952" ind1=" " ind2=" ">
    <subfield code="0">0</subfield>
    <subfield code="1">0</subfield>
    <subfield code="2">ddc</subfield>
    <subfield code="4">0</subfield>
    <subfield code="6">ATM__S_SOM_2004_000000000000000_B212_OR_6</subfield>
    <subfield code="7">0</subfield>
    <subfield code="9">22924</subfield>
    <subfield code="a">LBB</subfield>
    <subfield code="b">LBB</subfield>
    <subfield code="c">B212</subfield>
    <subfield code="d">2015-12-12</subfield>
    <subfield code="o">ATM.s SOM 2004 B212 Or.6</subfield>
    <subfield code="p">RUA033958</subfield>
    <subfield code="r">2015-12-12</subfield>
    <subfield code="w">2015-12-12</subfield>
    <subfield code="y">ATMSP</subfield>
  </datafield>
  <datafield tag="952" ind1=" " ind2=" ">
    <subfield code="0">0</subfield>
    <subfield code="1">0</subfield>
    <subfield code="2">ddc</subfield>
    <subfield code="4">0</subfield>
    <subfield code="6">ATM__S_SOM_2004_000000000000000_B212_OR_7</subfield>
    <subfield code="7">0</subfield>
    <subfield code="9">22925</subfield>
    <subfield code="a">LBB</subfield>
    <subfield code="b">LBB</subfield>
    <subfield code="c">B212</subfield>
    <subfield code="d">2015-12-12</subfield>
    <subfield code="o">ATM.s SOM 2004 B212 Or.7</subfield>
    <subfield code="p">RUA034133</subfield>
    <subfield code="r">2015-12-12</subfield>
    <subfield code="w">2015-12-12</subfield>
    <subfield code="y">ATMSP</subfield>
  </datafield>
  <datafield tag="952" ind1=" " ind2=" ">
    <subfield code="0">0</subfield>
    <subfield code="1">0</subfield>
    <subfield code="2">ddc</subfield>
    <subfield code="4">0</subfield>
    <subfield code="6">ATM__S_SOM_2004_000000000000000_B212_OR_8</subfield>
    <subfield code="7">0</subfield>
    <subfield code="9">22926</subfield>
    <subfield code="a">LBB</subfield>
    <subfield code="b">LBB</subfield>
    <subfield code="c">B212</subfield>
    <subfield code="d">2015-12-12</subfield>
    <subfield code="o">ATM.s SOM 2004 B212 Or.8</subfield>
    <subfield code="p">RUA034777</subfield>
    <subfield code="r">2015-12-12</subfield>
    <subfield code="w">2015-12-12</subfield>
    <subfield code="y">ATMSP</subfield>
  </datafield>
  <datafield tag="952" ind1=" " ind2=" ">
    <subfield code="0">0</subfield>
    <subfield code="1">0</subfield>
    <subfield code="2">ddc</subfield>
    <subfield code="4">0</subfield>
    <subfield code="6">ATM__S_SOM_2004_000000000000000_B212_OR_10</subfield>
    <subfield code="7">0</subfield>
    <subfield code="9">82104</subfield>
    <subfield code="a">LBB</subfield>
    <subfield code="b">LBB</subfield>
    <subfield code="c">B212</subfield>
    <subfield code="d">2019-10-25</subfield>
    <subfield code="o">ATM.s SOM 2004 B212 Or.10</subfield>
    <subfield code="p">A42028</subfield>
    <subfield code="r">2019-10-25</subfield>
    <subfield code="w">2019-10-25</subfield>
    <subfield code="y">ATMSP</subfield>
  </datafield>
</record>
